| 000 | 00571nam a2200205Ia 4500 | ||
|---|---|---|---|
| 008 | 230125s9999 xx 000 0 und d | ||
| 020 | _a93-5134-006-6 | ||
| 041 | _aeng | ||
| 082 |
_a658.45 _bLES/FLA |
||
| 100 |
_aLesikar R V _9108027 |
||
| 245 |
_aBusiness Communication _bMaking Connections in a Digital World |
||
| 250 | _a1st Ed. | ||
| 260 |
_c2013 _bTata McGraw Hill _aNew Delhi |
||
| 300 | _a737p | ||
| 500 | _aBusiness Communication | ||
| 650 | _aCommunication | ||
| 700 |
_aLesikar R V & Flatley M E _9108028 |
||
| 906 | _b130 | ||
| 999 |
_c84848 _d84848 |
||